| 000 | 004320000a22001810004500 | ||
|---|---|---|---|
| 003 | MACL | ||
| 005 | 20150819164341.0 | ||
| 008 | 150819b xxu||||| |||| 00| 0 eng d | ||
| 040 |
_aMACL _cMACL |
||
| 041 | _aEnglish | ||
| 082 | _a590 | ||
| 100 |
_aChaturvedi, M D _96335 |
||
| 245 | _aPanther On The Prowl | ||
| 260 |
_bNational Books Trust _aNew Delhi _c1969 |
||
| 350 | _a3.25 | ||
| 650 |
_aAnimals _96336 |
||
| 942 |
_cBK _k590 _2ddc |
||
| 999 |
_c7384 _d7384 |
||